Leonardo da Vinci

Zapisane w:
Opis bibliograficzny
Format: Książka
Język:hiszpański
Wydane: Nueva York Reynal 1960
Hasła przedmiotowe:
Etykiety: Dodaj etykietę
Nie ma etykietki, Dołącz pierwszą etykiete!

MARC

LEADER 00000nam a2200000 a 4500
001 UCO4606
003 CL-VaPUC
005 20240805105107.0
008 000804e19600000US |||||||||||||||||spa|d
999 |c 290632  |d 290630 
040 |c Pontificia Universidad Católica de Valparaíso 
082 0 4 |a 709.2  |b LEO  |2 21 
245 1 0 |a Leonardo da Vinci 
260 |a Nueva York  |b Reynal  |c 1960 
300 |a 534 p 
583 |a last modification  |c 20000804 00:00:00  |k Rodrigo Vera 
600 0 |a Da Vinci, Leonardo  |d 1452-1519  |9 561227 
650 0 |a Renacimiento italiano  |9 268631 
650 0 |a Arte renacentista   |9 264949 
650 0 |a Artistas italianos   |9 449205 
942 |c BK  |2 ddc 
945 |d 20000804 00:00:00  |a crobeson 
952 |0 0  |1 0  |4 0  |6 709_200000000000000_LEO_1960  |7 0  |8 F  |9 340158  |a BIBART  |b BIBART  |d 2019-11-20  |i 121473K  |o 709.2 LEO 1960  |p 121473K  |r 2025-03-13  |w 2019-11-20  |y BK_F  |k ART